[Event "Fagernes TV2 Elo op"]
[Site "Fagernes"]
[Date "2017.04.14"]
[Round "7"]
[White "Gundersen, Ingvar"]
[Black "Tenold, Andreas"]
[Result "1-0"]
[WhiteElo "1825"]
[BlackElo "1687"]
[PlyCount "61"]
[EventDate "2017.04.09"]
[EventType "swiss"]
[EventRounds "9"]
[EventCountry "NOR"]
[SourceTitle "CBM 177 Extra"]
[Source "ChessBase"]
[SourceDate "2017.04.27"]
[SourceVersion "1"]
[SourceVersionDate "2017.04.27"]
[SourceQuality "1"]

1. Nf3 g6 2. g3 Bg7 3. Bg2 e5 4. e4 Nc6 5. c3 Nge7 6. 0-0 0-0 7. d4 exd4 8. cxd4 d5 9. e5 Bg4 10. Re1 Nf5 11. Be3 Qd7 12. Na3 Nxe3 13. Rxe3 f6 14. Qb3 Kh8 15. exf6 Bxf6 16. Ne5 Bxe5 17. dxe5 Qf5 18. f4 d4 19. Be4 Qh5 20. Rd3 Bf5 21. Bf3 Qh3 22. Bg2 Qh5 23. Rd2 Rab8 24. Rc1 d3 25. Qc3 Ne7 26. Nb5 a6 27. Nxc7 Rfc8 28. e6+ Kg8 29. Qf6 Nc6 30. e7 Rxc7 31. Bd5+ 1-0

[Event "Vaxjo op"]
[Site "Vaxjo"]
[Date "2017.02.10"]
[Round "1"]
[White "Gundersen, Ingvar"]
[Black "Livner, Anders"]
[Result "0-1"]
[WhiteElo "1827"]
[BlackElo "2313"]
[PlyCount "102"]
[EventDate "2017.02.10"]
[EventType "swiss"]
[EventRounds "8"]
[EventCountry "SWE"]
[SourceTitle "CBM 176 Extra"]
[Source "ChessBase"]
[SourceDate "2017.03.02"]
[SourceVersion "1"]
[SourceVersionDate "2017.03.02"]
[SourceQuality "1"]

1. e4 c6 2. d4 d5 3. e5 Bf5 4. Ne2 e6 5. Ng3 Bg6 6. h4 h6 7. h5 Bh7 8. Bd3 Bxd3 9. cxd3 Qb6 10. Be3 Qxb2 11. Nd2 Qa3 12. Rb1 Qxd3 13. Rxb7 Nd7 14. Qa4 Ne7 15. Rh4 f6 16. exf6 Nxf6 17. Bf4 Kf7 18. Bd6 Rd8 19. Bc5 Rd7 20. Qxa7 Rxb7 21. Qxb7 Qb5 22. Qc7 Qa6 23. Rf4 Qxa2 24. Qb7 Qa5 25. Rf3 Rh7 26. Ra3 Qb5 27. Ra7 Qxb7 28. Rxb7 g5 29. hxg6+ Kxg6 30. Nf3 Ng4 31. Bd6 Rf7 32. Rc7 Nf5 33. Rxf7 Kxf7 34. Bxf8 Nxg3 35. Bd6 Ne4 36. Bg3 Nxg3 37. fxg3 Kf6 38. Ke2 e5 39. dxe5+ Nxe5 40. Nd4 c5 41. Nb5 Kf5 42. Nd6+ Kg4 43. Kf2 c4 44. Nb5 Nd3+ 45. Kf1 Kxg3 46. Nd4 Kf4 47. Ke2 Ke4 48. Nf3 Nf4+ 49. Kf2 c3 50. Ne1 d4 51. g3 Nd3+ 0-1

[Event "Hamburg St Pauli op-A"]
[Site "Hamburg"]
[Date "2015.07.22"]
[Round "6"]
[White "Gundersen, Ingvar"]
[Black "Kroencke, Manfred"]
[Result "1-0"]
[WhiteElo "1844"]
[BlackElo "2031"]
[PlyCount "95"]
[EventDate "2015.07.18"]
[EventType "swiss"]
[EventRounds "9"]
[EventCountry "GER"]
[SourceTitle "EXT 2016"]
[Source "ChessBase"]
[SourceDate "2015.10.08"]
[SourceVersion "1"]
[SourceVersionDate "2015.10.08"]
[SourceQuality "1"]

1. e4 c5 2. Nf3 e6 3. d4 cxd4 4. Nxd4 Nc6 5. Nc3 Qc7 6. Ndb5 Qb8 7. Be2 a6 8. Nd4 Qc7 9. 0-0 Nf6 10. Kh1 Nxd4 11. Qxd4 Bc5 12. Qd3 d6 13. Bg5 Bd7 14. f4 Bc6 15. Bf3 Bb4 16. a4 Rc8 17. Na2 Bc5 18. b4 Bb6 19. Nc3 Bd7 20. Ra3 a5 21. bxa5 Bc5 22. Rb3 Qxa5 23. f5 0-0 24. Bxf6 gxf6 25. Bh5 Bxa4 26. Rxb7 Bc6 27. Qg3+ Kh8 28. Rxf7 Rxf7 29. Bxf7 exf5 30. Nd5 Bxd5 31. exd5 Qd2 32. Be6 Rb8 33. Qh3 Qg5 34. Bxf5 h6 35. Be6 Bd4 36. Qd3 Be5 37. g3 Ra8 38. Qb5 Qe3 39. Bf5 Qd4 40. Qb7 Qa7 41. Rb1 Kg8 42. Kg2 Bd4 43. Kh3 Qxb7 44. Rxb7 Ra7 45. Rb8+ Kg7 46. Kg4 Rc7 47. Kh5 Be5 48. Rb4 1-0

[Event "Stockholm op"]
[Site "Stockholm"]
[Date "2014.05.31"]
[Round "8"]
[White "Evertsson, Rune"]
[Black "Gundersen, Ingvar"]
[Result "0-1"]
[WhiteElo "1952"]
[BlackElo "1811"]
[PlyCount "73"]
[EventDate "2014.05.28"]
[EventType "swiss"]
[EventRounds "9"]
[EventCountry "SWE"]
[SourceTitle "CBM 160 Extra"]
[Source "ChessBase"]
[SourceDate "2014.07.01"]
[SourceVersion "1"]
[SourceVersionDate "2014.07.01"]
[SourceQuality "1"]

1. e4 Nf6 2. e5 Nd5 3. d4 d6 4. Nf3 Bg4 5. Be2 Nc6 6. 0-0 dxe5 7. dxe5 e6 8. c4 Nb6 9. Nbd2 Bf5 10. a3 Nd7 11. Qa4 Nc5 12. Qd1 Be7 13. b4 Nd3 14. Qa4 0-0 15. Rd1 Nxc1 16. Raxc1 a5 17. b5 Nd4 18. Nxd4 Qxd4 19. Nf3 Qb2 20. Kf1 Bc5 21. b6 c6 22. g4 Bd3 23. Rxd3 Qxc1+ 24. Kg2 Qb2 25. Rd2 Qxb6 26. Bd3 Rad8 27. Qc2 g6 28. h4 a4 29. Qxa4 Bxf2 30. Qc2 Be3 31. Re2 Bf4 32. h5 Rd7 33. hxg6 fxg6 34. Bxg6 Rg7 35. Bh5 c5 36. Qe4 Qb3 37. Kh3 0-1

[Event "Stockholm All Saints op"]
[Site "Stockholm"]
[Date "2013.11.02"]
[Round "6"]
[White "Gundersen, Ingvar"]
[Black "Ask, Josef"]
[Result "0-1"]
[WhiteElo "1775"]
[BlackElo "2195"]
[PlyCount "62"]
[EventDate "2013.10.31"]
[EventType "swiss"]
[EventRounds "7"]
[EventCountry "SWE"]
[SourceTitle "EXT 2014"]
[Source "ChessBase"]
[SourceDate "2013.11.20"]
[SourceVersion "1"]
[SourceVersionDate "2013.11.20"]
[SourceQuality "1"]

1. e4 e5 2. Nf3 Nc6 3. d4 exd4 4. Nxd4 Bb4+ 5. c3 Be7 6. Bc4 Nf6 7. Qc2 0-0 8. 0-0 d6 9. h3 Re8 10. Bf4 Bf8 11. Nd2 g6 12. Rfe1 Bg7 13. N2f3 Ne5 14. Bxe5 dxe5 15. Ne2 Nh5 16. Rad1 Qf6 17. Qb3 Bf8 18. Rd3 Bc5 19. Qb5 Qe7 20. Ng5 Rf8 21. Rf3 c6 22. Qb3 Qxg5 23. Bxf7+ Kg7 24. Kh2 Qd2 25. Ng3 Nxg3 26. Rd1 Nxe4 27. Rxd2 Nxd2 28. Qd1 Nxf3+ 29. gxf3 Rxf7 30. Kg2 Be6 31. b4 Bd5 0-1

[Event "Reykjavik op"]
[Site "Reykjavik"]
[Date "2012.03.12"]
[Round "8"]
[White "Gundersen, Ingvar"]
[Black "Stefansson, Vignir Vatnar"]
[Result "1-0"]
[WhiteElo "1814"]
[BlackElo "1474"]
[PlyCount "53"]
[EventDate "2012.03.06"]
[EventType "swiss"]
[EventRounds "9"]
[EventCountry "ISL"]
[SourceTitle "CBM 147 Extra"]
[Source "ChessBase"]
[SourceDate "2012.04.24"]
[SourceVersion "1"]
[SourceVersionDate "2012.04.24"]
[SourceQuality "1"]

1. e4 c5 2. Nf3 e6 3. b3 Nc6 4. Bb2 Qc7 5. Nc3 a6 6. g3 Nf6 7. Bg2 Be7 8. 0-0 d6 9. Re1 0-0 10. h3 Rb8 11. d3 Rd8 12. Ne2 e5 13. Kh2 h6 14. Nh4 Be6 15. f4 Nd7 16. f5 Bxh4 17. gxh4 Re8 18. Ng3 Bxb3 19. axb3 Qd8 20. Qg4 Nf6 21. Qf3 Nd7 22. h5 Nb4 23. Re2 Nf6 24. Bc3 Nc6 25. Rg1 d5 26. exd5 Ne7 27. Bxe5 1-0

[Event "Politiken Cup 32nd"]
[Site "Copenhagen"]
[Date "2010.08.07"]
[Round "9"]
[White "Gundersen, Ingvar"]
[Black "Meier, Lars"]
[Result "0-1"]
[WhiteElo "1779"]
[BlackElo "1934"]
[PlyCount "50"]
[EventDate "2010.07.31"]
[EventType "swiss"]
[EventRounds "10"]
[EventCountry "DEN"]
[SourceTitle "CBM 137 Extra"]
[Source "ChessBase"]
[SourceDate "2010.09.01"]
[SourceVersion "1"]
[SourceVersionDate "2010.09.01"]
[SourceQuality "1"]

1. b3 d5 2. f4 f5 3. Nf3 e6 4. Bb2 Nf6 5. d3 Bd6 6. Nbd2 Bxf4 7. e4 0-0 8. Qe2 Nc6 9. g3 Bh6 10. h3 Nb4 11. 0-0-0 fxe4 12. dxe4 Nxe4 13. Kb1 Nxg3 14. Qg2 Nxh1 15. Qxh1 Qe8 16. a3 Nc6 17. h4 Qh5 18. Bd3 e5 19. Nxe5 Nxe5 20. Qxd5+ Kh8 21. Re1 Be6 22. Qxe5 Qxe5 23. Rxe5 Bxd2 24. Re2 Bf4 25. Rxe6 Rae8 0-1

[Event "Politiken Cup 32nd"]
[Site "Copenhagen"]
[Date "2010.08.02"]
[Round "4"]
[White "Joensson, Lennart"]
[Black "Gundersen, Ingvar"]
[Result "1/2-1/2"]
[WhiteElo "2105"]
[BlackElo "1779"]
[PlyCount "340"]
[EventDate "2010.07.31"]
[EventType "swiss"]
[EventRounds "10"]
[EventCountry "DEN"]
[SourceTitle "CBM 137 Extra"]
[Source "ChessBase"]
[SourceDate "2010.09.01"]
[SourceVersion "1"]
[SourceVersionDate "2010.09.01"]
[SourceQuality "1"]

1. d4 e6 2. Nf3 b6 3. e3 Bb7 4. Bd3 f5 5. 0-0 Nf6 6. b3 Bd6 7. Ba3 c5 8. Nbd2 Nc6 9. dxc5 bxc5 10. Nc4 Be7 11. Qe2 Qc7 12. Ncd2 Nb4 13. Bb2 Bd6 14. e4 Nxd3 15. cxd3 fxe4 16. dxe4 Bf4 17. g3 Bxd2 18. Nxd2 0-0 19. Rac1 d5 20. Bd4 Qf7 21. Bxc5 Rfd8 22. e5 Ne4 23. Bd4 Ng5 24. Rc3 a5 25. Rfc1 Ba6 26. Qg4 Qg6 27. h4 Nf7 28. Qxg6 hxg6 29. Rc5 Rdc8 30. g4 g5 31. h5 Kf8 32. f3 Ke8 33. Kf2 Kd7 34. Ke3 Nd8 35. a3 Nc6 36. Bb2 Bb7 37. f4 gxf4+ 38. Kxf4 Rf8+ 39. Ke3 Rf7 40. Rb5 Kc7 41. Nf3 Ra6 42. Nd4 Bc8 43. Rbc5 Bd7 44. Bc3 Kb6 45. Rb5+ Ka7 46. Nxc6+ Bxc6 47. Rxa5 Rxa5 48. Bxa5 d4+ 49. Kxd4 Bb7 50. Bd2 Rd7+ 51. Ke3 Rf7 52. Bc3 Bd5 53. Bd4+ Kb7 54. Rc3 Rf3+ 55. Kd2 Rf4 56. Be3 Rxg4 57. h6 gxh6 58. Bxh6 Rg2+ 59. Kc1 Rh2 60. Bf8 Rh1+ 61. Kd2 Rh2+ 62. Kd3 Rh4 63. Bd6 Kb6 64. Bc7+ Kb5 65. Bd6 Rh3+ 66. Kc2 Rh2+ 67. Kb1 Be4+ 68. Ka1 Bd5 69. Rd3 Bc6 70. Bb4 Re2 71. Bc3 Kc5 72. Rd4 Bd5 73. b4+ Kc6 74. Rd2 Re3 75. Kb2 Re4 76. Kc1 Re3 77. Rc2 Kb7 78. Kb2 Be4 79. Rd2 Bd5 80. Rh2 Kc6 81. Rd2 Kb7 82. a4 Re1 83. b5 Re4 84. Bd4 Bc4 85. Kc3 Bd5 86. Rh2 Re1 87. Rh7+ Kc8 88. Kb4 Rc1 89. Ka5 Rc4 90. Rh4 Kb7 91. Rf4 Kc8 92. Rh4 Kb7 93. Rh7+ Kc8 94. Bb6 Kb8 95. Ba7+ Kc8 96. b6 Rc5+ 97. Kb4 Rc4+ 98. Kb5 Re4 99. a5 Rxe5 100. Rh8+ Kd7 101. Rh7+ Kc8 102. Rc7+ Kd8 103. Kc5 Bb3+ 104. Kd6 Rd5+ 105. Kc6 Ba4+ 106. Kb7 Rxa5 107. Rg7 Rc5 108. Rc7 Rd5 109. Kb8 Rd7 110. Rc4 Bb5 111. Rc5 Ba6 112. Ra5 Bc8 113. Rh5 Ba6 114. Re5 Ke7 115. Rh5 Kd6 116. Rh8 e5 117. Re8 Kc6 118. Re6+ Kd5 119. Re8 e4 120. b7 Rxb7+ 121. Ka8 Rd7 122. Kb8 Bb7 123. Be3 Bc6 124. Rh8 Rf7 125. Rh5+ Kd6 126. Bc5+ Kd7 127. Rh8 Rg7 128. Bd4 Rg5 129. Rh7+ Kd6 130. Rh6+ Kd5 131. Be3 Rf5 132. Bb6 Re5 133. Be3 Re7 134. Rh5+ Ke6 135. Bd4 Kd7 136. Be3 Re8+ 137. Ka7 Rf8 138. Rh7+ Ke6 139. Rh6+ Kd5 140. Rh3 Kc4 141. Kb6 Bd5 142. Kc7 Rf6 143. Rg3 Rc6+ 144. Kd7 Ra6 145. Bf4 Be6+ 146. Kc7 Bf5 147. Kb7 Ra2 148. Kb6 Rb2+ 149. Kc6 Rc2 150. Kd6 Rf2 151. Be3 Rf1 152. Ke5 Bh7 153. Ke6 Rh1 154. Ke5 Rh5+ 155. Ke6 Ra5 156. Kd6 Bg6 157. Ke6 Bh5 158. Kd6 Bf3 159. Bf4 Rf5 160. Bc1 Kd3 161. Ke6 Rc5 162. Bf4 Rc2 163. Rg5 Ke2 164. Re5 Rc6+ 165. Ke7 Kf2 166. Re6 Rc5 167. Re5 Rc8 168. Kf7 Rh8 169. Kg7 Rh4 170. Bg5 Rg4 1/2-1/2

[Event "Politiken Cup 32nd"]
[Site "Copenhagen"]
[Date "2010.07.31"]
[Round "1"]
[White "Gundersen, Ingvar"]
[Black "Hansen, Mads"]
[Result "0-1"]
[WhiteElo "1779"]
[BlackElo "2165"]
[PlyCount "60"]
[EventDate "2010.07.31"]
[EventType "swiss"]
[EventRounds "10"]
[EventCountry "DEN"]
[SourceTitle "CBM 137 Extra"]
[Source "ChessBase"]
[SourceDate "2010.09.01"]
[SourceVersion "1"]
[SourceVersionDate "2010.09.01"]
[SourceQuality "1"]

1. e4 c5 2. Nc3 a6 3. a4 Nc6 4. Nf3 e6 5. Bc4 Nf6 6. 0-0 Qc7 7. d3 Be7 8. Ne2 d5 9. exd5 Nxd5 10. c3 0-0 11. Re1 Rd8 12. Qc2 b6 13. Ba2 Bb7 14. Bb1 g6 15. Ng5 b5 16. Ne4 c4 17. d4 e5 18. axb5 axb5 19. Rxa8 Bxa8 20. dxe5 Nxe5 21. Qd2 f5 22. N4g3 Nf6 23. Nd4 Qb7 24. f3 Nc6 25. Qe2 Bc5 26. Qe6+ Qf7 27. Ngxf5 Qxe6 28. Nh6+ Kg7 29. Rxe6 Nxd4 30. cxd4 Rxd4 0-1

[Event "Warsaw Najdorf Memorial op-C"]
[Site "Warsaw"]
[Date "2009.07.20"]
[Round "3"]
[White "Cyra, Tomasz"]
[Black "Gundersen, Ingvar"]
[Result "1-0"]
[WhiteElo "1851"]
[BlackElo "1798"]
[PlyCount "92"]
[EventDate "2009.07.18"]
[EventType "swiss"]
[EventRounds "9"]
[EventCountry "POL"]
[SourceTitle "EXT 2012"]
[Source "ChessBase"]
[SourceDate "2011.11.24"]
[SourceVersion "1"]
[SourceVersionDate "2011.11.24"]
[SourceQuality "1"]

1. e4 c5 2. Nf3 e6 3. d4 cxd4 4. Nxd4 a6 5. Nc3 Nc6 6. Be3 Be7 7. Be2 d6 8. Qd2 Bd7 9. 0-0 Nf6 10. f4 0-0 11. Bf3 Rc8 12. Qf2 Nxd4 13. Bxd4 Qc7 14. Rad1 e5 15. Bb6 Qc4 16. a3 Bg4 17. f5 Bxf3 18. Qxf3 Rc6 19. Be3 Rd8 20. Rf2 b5 21. g4 d5 22. Nxd5 Nxd5 23. exd5 e4 24. Qe2 Rxd5 25. Qxc4 Rxd1+ 26. Qf1 Rxf1+ 27. Kxf1 f6 28. c3 Bd6 29. Rd2 h6 30. Bd4 Bf4 31. Re2 a5 32. Rxe4 Bxh2 33. Ke2 Kf7 34. Kd3 a4 35. Be3 Be5 36. Rb4 Rd6+ 37. Ke4 Rd7 38. Rxb5 Re7 39. Kf3 h5 40. gxh5 Bh2 41. Bd4 Re1 42. Rb7+ Kg8 43. c4 Rd1 44. Be3 Rd3 45. Ke2 Rd8 46. c5 Be5 1-0

[Event "Taby Scandinavian op"]
[Site "Taby"]
[Date "2007.08.06"]
[Round "4"]
[White "Gundersen, Ingvar"]
[Black "Olsson, Linus"]
[Result "0-1"]
[WhiteElo "1759"]
[BlackElo "2377"]
[PlyCount "42"]
[EventDate "2007.08.04"]
[EventType "swiss"]
[EventRounds "9"]
[EventCountry "SWE"]
[SourceTitle "CBM 119 Extra"]
[Source "ChessBase"]
[SourceDate "2007.09.04"]
[SourceVersion "1"]
[SourceVersionDate "2007.09.04"]
[SourceQuality "1"]

1. d4 d5 2. Nf3 Nc6 3. Bf4 Bg4 4. Nbd2 e6 5. c3 Bd6 6. Ne5 Bxe5 7. dxe5 Nge7 8. Qa4 Bh5 9. g4 Bg6 10. Bg2 h5 11. h3 hxg4 12. hxg4 Rxh1+ 13. Bxh1 Nc8 14. g5 Qe7 15. Be3 Nb6 16. Bxb6 cxb6 17. f4 Qc5 18. 0-0-0 b5 19. Qa3 b4 20. Qa4 bxc3 21. Nf1 b5 0-1